[Event "Las Vegas National op"]
[Site "Las Vegas"]
[Date "2025.06.05"]
[Round "2"]
[White "Jagirapu, Harshin Reddy"]
[Black "Mohammad, Nubairshah Shaikh"]
[Result "1/2-1/2"]
[WhiteElo "2042"]
[BlackElo "2365"]
[PlyCount "54"]
[EventDate "2025.06.04"]
[EventType "swiss"]
[EventRounds "9"]
[EventCountry "USA"]
[SourceTitle "CB24_2025"]
[SourceDate "2025.06.11"]
[SourceVersion "1"]
[SourceVersionDate "2025.06.11"]
[SourceQuality "1"]

1. e4 c5 2. Nf3 e6 3. d4 cxd4 4. Nxd4 Nc6 5. Nc3 Qc7 6. Be3 a6 7. Qf3 Nf6 8. 0-0-0 Ne5 9. Qg3 b5 10. f4 Neg4 11. Bg1 b4 12. Na4 h5 13. e5 Nd5 14. h3 Nh6 15. f5 Bb7 16. Bd3 h4 17. Qxh4 Qxe5 18. Be4 Be7 19. Qe1 Ng4 20. Bf3 Qxe1 21. Rxe1 Ngf6 22. Nb6 Rd8 23. Nc4 Rc8 24. b3 Bc5 25. fxe6 dxe6 26. Nf5 0-0 27. Nfd6 Bxd6 1/2-1/2

[Event "Maharashtra op 3rd"]
[Site "Hadapsar"]
[Date "2025.04.25"]
[Round "7"]
[White "Neelash, Saha"]
[Black "Mohammad, Nubairshah Shaikh"]
[Result "1-0"]
[WhiteElo "2460"]
[BlackElo "2370"]
[PlyCount "127"]
[EventDate "2025.04.20"]
[EventType "swiss"]
[EventRounds "10"]
[EventCountry "IND"]
[SourceTitle "CB18_2025"]
[SourceDate "2025.04.30"]
[SourceVersion "1"]
[SourceVersionDate "2025.04.30"]
[SourceQuality "1"]

1. d4 d5 2. c4 c6 3. Nf3 Nf6 4. Qc2 dxc4 5. Qxc4 Bg4 6. Nbd2 Nbd7 7. g3 e6 8. Bg2 Be7 9. 0-0 0-0 10. Qb3 Qb6 11. Nc4 Qa6 12. Bd2 Nb6 13. Rfc1 Rfd8 14. e3 Nxc4 15. Qxc4 Qxc4 16. Rxc4 Bf5 17. Ne5 Nd7 18. Ba5 Nxe5 19. Bxd8 Nxc4 20. Bxe7 Re8 21. Bc5 e5 22. b3 Nb6 23. dxe5 Rxe5 24. Rd1 f6 25. Rd8+ Kf7 26. Rf8+ Kg6 27. Bd4 Re7 28. Rb8 Rc7 29. e4 Bc8 30. Be3 Kf7 31. Bf3 Be6 32. Rh8 c5 33. Bh5+ Ke7 34. Rxh7 Kf8 35. Rh8+ Ke7 36. Bf4 Rc8 37. Rxc8 Nxc8 38. Be2 Nd6 39. Bxd6+ Kxd6 40. f4 a5 41. Bb5 Bg4 42. Kf2 Bd1 43. Ke3 Bg4 44. h4 Bd1 45. Be2 Bc2 46. Bd3 Bd1 47. Bb5 Bg4 48. Be2 Bd7 49. g4 a4 50. bxa4 Bxa4 51. g5 Be8 52. gxf6 gxf6 53. h5 Ke7 54. h6 Kf8 55. Bc4 b5 56. Bd5 Bh5 57. f5 c4 58. Kd4 Be2 59. a3 Bd3 60. Bc6 Kg8 61. Bxb5 Kh7 62. a4 Kxh6 63. a5 Kg5 64. Bxc4 1-0

[Event "Maharashtra op 3rd"]
[Site "Hadapsar"]
[Date "2025.04.24"]
[Round "6"]
[White "Mohammad, Nubairshah Shaikh"]
[Black "Pantsulaia, Levan"]
[Result "1/2-1/2"]
[WhiteElo "2370"]
[BlackElo "2532"]
[PlyCount "25"]
[EventDate "2025.04.20"]
[EventType "swiss"]
[EventRounds "10"]
[EventCountry "IND"]
[SourceTitle "CB18_2025"]
[SourceDate "2025.04.30"]
[SourceVersion "1"]
[SourceVersionDate "2025.04.30"]
[SourceQuality "1"]

1. d4 Nf6 2. c4 e6 3. Nf3 d5 4. g3 Bb4+ 5. Bd2 Be7 6. Bg2 0-0 7. 0-0 c6 8. Qc2 Nbd7 9. Bf4 Nh5 10. Bc1 Nhf6 11. Bf4 Nh5 12. Bc1 Nhf6 13. Bf4 1/2-1/2

[Event "Penang Heritage op 16th"]
[Site "Penang"]
[Date "2024.12.27"]
[Round "8"]
[White "Mohammad, Nubairshah Shaikh"]
[Black "Zulkipli, Zaidan"]
[Result "1-0"]
[WhiteElo "2417"]
[BlackElo "2176"]
[PlyCount "129"]
[EventDate "2024.12.23"]
[EventType "swiss"]
[EventRounds "9"]
[EventCountry "MAS"]
[SourceTitle "CB14_2025"]
[SourceDate "2024.11.01"]
[SourceVersion "1"]
[SourceVersionDate "2024.11.01"]
[SourceQuality "1"]

1. d4 d5 2. c4 c6 3. Nf3 Nf6 4. Nc3 dxc4 5. a4 Bf5 6. e3 e6 7. Bxc4 Bb4 8. 0-0 0-0 9. h3 Nbd7 10. Nh4 Qe7 11. Nxf5 exf5 12. Bd2 a5 13. Qc2 g6 14. Rfd1 Nb6 15. Bb3 Rfd8 16. Be1 Kg7 17. Rac1 h5 18. Nb1 Ne4 19. Bxb4 Qxb4 20. Nc3 Rd7 21. Nxe4 fxe4 22. Ra1 Qe7 23. Rdc1 Nd5 24. Bxd5 Rxd5 25. Qb3 f5 26. Rc5 Rxc5 27. dxc5 Rd8 28. Qc3+ Qf6 29. Qxa5 Qxb2 30. Qc7+ Kh6 31. Qxd8 Qxa1+ 32. Kh2 Qe5+ 33. g3 Qxc5 34. Qh8+ Kg5 35. Kg2 f4 36. gxf4+ Kf5 37. Qc8+ Kf6 38. Qxb7 g5 39. Qb2+ Ke6 40. Qb3+ Ke7 41. Qb7+ Kf6 42. Qb8 Kf7 43. Qc7+ Ke6 44. Qc8+ Ke7 45. Qc7+ Ke6 46. Qh7 gxf4 47. Qxe4+ Kf7 48. Qxf4+ Kg6 49. h4 Qd5+ 50. e4 Qd1 51. a5 c5 52. a6 Qa4 53. Qd6+ Kg7 54. Qe7+ Kg6 55. a7 c4 56. Qg5+ Kh7 57. Qxh5+ Kg7 58. Qe5+ Kh7 59. Qe7+ Kg6 60. h5+ Kxh5 61. Qh7+ Kg4 62. Qg8+ Kf4 63. a8Q Qxa8 64. Qxa8 c3 65. Qc6 1-0

[Event "Bhubaneswar Odisha op"]
[Site "Bhubaneswar"]
[Date "2024.12.22"]
[Round "10"]
[White "Mohammad, Nubairshah Shaikh"]
[Black "Neelash, Saha"]
[Result "1/2-1/2"]
[WhiteElo "2417"]
[BlackElo "2458"]
[PlyCount "139"]
[EventDate "2024.12.15"]
[EventType "swiss"]
[EventRounds "10"]
[EventCountry "IND"]
[SourceTitle "CB52_2024"]
[SourceDate "2024.12.25"]
[SourceVersion "1"]
[SourceVersionDate "2024.12.25"]
[SourceQuality "1"]

1. c4 Nf6 2. Nf3 e6 3. g3 c5 4. Bg2 Qb6 5. b3 d5 6. cxd5 exd5 7. Bb2 Be7 8. d4 c4 9. 0-0 Nc6 10. Nc3 0-0 11. Ne5 cxb3 12. axb3 Nb4 13. Na4 Qb5 14. Nc3 Qe8 15. Nd3 Qd8 16. Ba3 Nxd3 17. Qxd3 Bxa3 18. Rxa3 b6 19. b4 a5 20. bxa5 Ba6 21. Qf3 Bc4 22. a6 Qd6 23. Raa1 b5 24. Rfb1 Rxa6 25. Rxa6 Qxa6 26. e4 b4 27. Nxd5 Nxd5 28. exd5 Qa2 29. Qd1 b3 30. d6 Be6 31. Be4 f5 32. Bd3 Rd8 33. Qe1 Bf7 34. Qb4 g6 35. Qb6 Qa8 36. Re1 Qb8 37. Qc7 Rc8 38. Qd7 b2 39. Kg2 Qa8+ 40. f3 Rc1 41. Qe7 Rxe1 42. Qxe1 Qa2 43. Bb1 Qe6 44. Qd2 Qxd6 45. Qxb2 Kf8 46. Qc3 Qa6 47. Bd3 Qa2+ 48. Qc2 Qe6 49. Kf2 Kg8 50. Qb2 Qd6 51. Qc3 Qe6 52. Be2 h6 53. Qe3 Qd5 54. h4 h5 55. Qe5 Qa2 56. Qb8+ Kh7 57. Qc7 Qb3 58. Qe7 Kg8 59. Qe3 Qa2 60. Qc3 Qe6 61. Qc5 Kh7 62. Bb5 Qa2+ 63. Ke3 Kg8 64. Kf4 Qd2+ 65. Ke5 Qe1+ 66. Kf6 Qe6+ 67. Kg5 Qe3+ 68. Kf6 Qe6+ 69. Kg5 Qe3+ 70. Kf6 1/2-1/2

[Event "Bhubaneswar Odisha op"]
[Site "Bhubaneswar"]
[Date "2024.12.19"]
[Round "7"]
[White "Aakash, G2."]
[Black "Mohammad, Nubairshah Shaikh"]
[Result "0-1"]
[WhiteElo "2292"]
[BlackElo "2417"]
[PlyCount "50"]
[EventDate "2024.12.15"]
[EventType "swiss"]
[EventRounds "10"]
[EventCountry "IND"]
[SourceTitle "CB52_2024"]
[SourceDate "2024.12.25"]
[SourceVersion "1"]
[SourceVersionDate "2024.12.25"]
[SourceQuality "1"]

1. b3 d5 2. Bb2 Bg4 3. f3 Bh5 4. e3 Nd7 5. Nh3 e5 6. c4 dxc4 7. Bxc4 Ngf6 8. 0-0 Bd6 9. d4 0-0 10. g4 Bg6 11. f4 exf4 12. Nxf4 Nb6 13. Qf3 Be4 14. Qe2 Qe7 15. Nc3 Bc6 16. Bd3 Rae8 17. Rae1 Bb4 18. a3 Bxa3 19. Bxa3 Qxa3 20. g5 Ne4 21. d5 Nxc3 22. Bxh7+ Kxh7 23. Qh5+ Kg8 24. Rf3 Bd7 25. Ref1 Bf5 0-1

[Event "Abu Dhabi Masters Online"]
[Site "Chess.com INT"]
[Date "2024.08.21"]
[Round "8"]
[White "Mohammad, Nubairshah Shaikh"]
[Black "Tang, Andrew"]
[Result "0-1"]
[WhiteElo "2413"]
[BlackElo "2513"]
[PlyCount "66"]
[EventDate "2024.08.21"]
[EventType "swiss (blitz)"]
[EventRounds "11"]
[EventCountry "UAE"]
[SourceTitle "CBM 221 Extra"]
[Source "ChessBase"]
[SourceDate "2024.09.30"]
[SourceVersion "1"]
[SourceVersionDate "2024.09.30"]
[SourceQuality "1"]

1. Nf3 d5 2. d4 Nf6 3. g3 e6 4. Bg2 Be7 5. 0-0 0-0 6. c4 dxc4 7. Qc2 a6 8. a4 Bd7 9. Qxc4 Bc6 10. Bg5 Nbd7 11. Rd1 h6 12. Bxf6 Nxf6 13. Nbd2 a5 14. Qb3 Bb4 15. Nc4 Qe7 16. Nfe5 Bxg2 17. Kxg2 Rfd8 18. e3 c5 19. Nb6 Ra6 20. dxc5 Bxc5 21. Nbc4 Rxd1 22. Rxd1 Ra8 23. Qb5 Bb4 24. Nd7 Nd5 25. e4 Rd8 26. Nde5 Nf4+ 27. gxf4 Rxd1 28. Nxa5 Bxa5 29. Qxa5 Qh4 30. Qa8+ Kh7 31. Qxb7 Qxf4 32. Qb3 Qxe4+ 33. Nf3 Qg4# 0-1

[Event "Abu Dhabi Masters Online"]
[Site "Chess.com INT"]
[Date "2024.08.21"]
[Round "11"]
[White "Mohammad, Nubairshah Shaikh"]
[Black "Troff, Kayden W"]
[Result "1-0"]
[WhiteElo "2413"]
[BlackElo "2490"]
[PlyCount "169"]
[EventDate "2024.08.21"]
[EventType "swiss (blitz)"]
[EventRounds "11"]
[EventCountry "UAE"]
[SourceTitle "CBM 221 Extra"]
[Source "ChessBase"]
[SourceDate "2024.09.30"]
[SourceVersion "1"]
[SourceVersionDate "2024.09.30"]
[SourceQuality "1"]

1. Nf3 Nf6 2. c4 g6 3. b3 Bg7 4. Bb2 0-0 5. g3 b6 6. Bg2 Bb7 7. 0-0 d6 8. d4 Ne4 9. Nbd2 Nd7 10. Ng5 Nxd2 11. Qxd2 Bxg2 12. Kxg2 e5 13. dxe5 Nxe5 14. Rad1 Re8 15. h4 Qe7 16. Rfe1 a5 17. a4 Nd7 18. e4 Nc5 19. Bxg7 Kxg7 20. Re3 h6 21. Nh3 Qe5 22. Nf4 Nxe4 23. Qe2 Qf5 24. Rd5 Nxg3 25. fxg3 Rxe3 26. Qxe3 Qf6 27. Qd4 Re8 28. Qxf6+ Kxf6 29. Rd3 Rc8 30. h5 gxh5 31. Nxh5+ Ke5 32. Kf3 c6 33. Re3+ Kd4 34. Nf4 Rc7 35. Ke2 Kc5 36. Kd2 Kb4 37. Kc2 Kc5 38. Re8 d5 39. cxd5 cxd5 40. Rd8 Kd4+ 41. Kd2 Ke4 42. Nxd5 Rc6 43. Nc3+ Kf3 44. Rd3+ Kg4 45. Nd5 f5 46. Ne3+ Kg5 47. Rd5 Rf6 48. Ke2 h5 49. Kf3 Kg6 50. Kf4 Rc6 51. Nxf5 Rc1 52. Rd6+ Kf7 53. Rxb6 Rc3 54. Kg5 Rc5 55. Rf6+ Kg8 56. Ra6 Kf7 57. Rf6+ Kg8 58. Kxh5 Kh7 59. Kg5 Rc8 60. g4 Rb8 61. Rf7+ Kg8 62. Ra7 Rxb3 63. Rxa5 Rb8 64. Ra7 Rb6 65. a5 Rb5 66. Kg6 Rb8 67. g5 Kh8 68. Nh6 Rb6+ 69. Kf5 Rb5+ 70. Ke6 Re5+ 71. Kd6 Rd5+ 72. Ke6 Re5+ 73. Kf6 Re6+ 74. Kf7 Re5 75. Ra8+ Kh7 76. g6+ Kxh6 77. Rh8+ Kg5 78. g7 Rf5+ 79. Ke6 Rf6+ 80. Ke5 Rf5+ 81. Ke4 Rf4+ 82. Ke3 Ra4 83. g8Q+ Kf6 84. Rh6+ Kf5 85. Qg6+ 1-0

[Event "Abu Dhabi Masters Online"]
[Site "Chess.com INT"]
[Date "2024.08.21"]
[Round "1"]
[White "Pujari, Rucha"]
[Black "Mohammad, Nubairshah Shaikh"]
[Result "0-1"]
[WhiteElo "2175"]
[BlackElo "2413"]
[PlyCount "62"]
[EventDate "2024.08.21"]
[EventType "swiss (blitz)"]
[EventRounds "11"]
[EventCountry "UAE"]
[SourceTitle "CBM 221 Extra"]
[Source "ChessBase"]
[SourceDate "2024.09.30"]
[SourceVersion "1"]
[SourceVersionDate "2024.09.30"]
[SourceQuality "1"]

1. d4 g6 2. c4 Bg7 3. Nf3 d6 4. g3 e5 5. dxe5 dxe5 6. Qxd8+ Kxd8 7. Nc3 Be6 8. e4 Nd7 9. Be3 f6 10. 0-0-0 Nh6 11. h3 Nf7 12. Be2 c6 13. h4 h5 14. Rd2 Nh6 15. Ne1 Ng4 16. Bxg4 Bxg4 17. f3 Be6 18. b3 Bf8 19. Nd3 Kc7 20. Rhd1 Ba3+ 21. Kc2 a5 22. Na4 b6 23. c5 b5 24. Nb6 Rad8 25. f4 Bg4 26. Rf1 Rhf8 27. fxe5 Nxe5 28. Bf4 Bxc5 29. Nxc5 Kxb6 30. Bxe5 fxe5 31. Nd3 Rxf1 0-1

[Event "Abu Dhabi Masters Online"]
[Site "Chess.com INT"]
[Date "2024.08.21"]
[Round "3"]
[White "Sadek, Sameh"]
[Black "Mohammad, Nubairshah Shaikh"]
[Result "1-0"]
[WhiteElo "2286"]
[BlackElo "2413"]
[PlyCount "79"]
[EventDate "2024.08.21"]
[EventType "swiss (blitz)"]
[EventRounds "11"]
[EventCountry "UAE"]
[SourceTitle "CBM 221 Extra"]
[Source "ChessBase"]
[SourceDate "2024.09.30"]
[SourceVersion "1"]
[SourceVersionDate "2024.09.30"]
[SourceQuality "1"]

1. d4 g6 2. c4 Bg7 3. e4 d6 4. Be2 e5 5. dxe5 dxe5 6. Qxd8+ Kxd8 7. Nc3 Nc6 8. Nf3 Nd4 9. 0-0 Nxe2+ 10. Nxe2 Bg4 11. Rd1+ Ke8 12. Nc3 c6 13. Be3 f5 14. exf5 gxf5 15. h3 Bxf3 16. gxf3 Ne7 17. Rd6 Rg8 18. Rad1 e4 19. Kf1 exf3 20. Bd4 Kf7 21. Bxg7 Rxg7 22. R1d3 Rag8 23. Rxf3 Rg1+ 24. Ke2 Rc1 25. Re3 f4 26. Re4 Rc2+ 27. Kf3 Ng6 28. Rd7+ Kf6 29. Rxb7 Ne5+ 30. Kxf4 Rxf2+ 31. Ke3 Rf3+ 32. Kd4 Rd8+ 33. Kc5 Rxh3 34. Rxa7 h5 35. Rf4+ Kg5 36. Rf1 Nd3+ 37. Kxc6 Nxb2 38. Ne4+ Kg4 39. Rg7+ Kh4 40. Rf4# 1-0

[Event "Creon op 28th"]
[Site "Creon"]
[Date "2024.08.01"]
[Round "6"]
[White "Girel, Joseph"]
[Black "Mohammad, Nubairshah Shaikh"]
[Result "1-0"]
[WhiteElo "2473"]
[BlackElo "2434"]
[PlyCount "101"]
[EventDate "2024.07.29"]
[EventType "swiss"]
[EventRounds "9"]
[EventCountry "FRA"]
[SourceTitle "CBM 221 Extra"]
[Source "ChessBase"]
[SourceDate "2024.09.30"]
[SourceVersion "1"]
[SourceVersionDate "2024.09.30"]
[SourceQuality "1"]

1. e4 c6 2. d4 d5 3. e5 c5 4. Nf3 cxd4 5. Qxd4 Nc6 6. Qf4 e6 7. Nc3 Nb4 8. Qd2 Nh6 9. a3 Nc6 10. Bd3 Be7 11. Qf4 Nf5 12. g4 Nh4 13. Nxh4 g5 14. Qd2 gxh4 15. f4 h3 16. Ne2 Bh4+ 17. Ng3 f6 18. exf6 Qxf6 19. g5 Qf7 20. Qe3 Rg8 21. Bd2 e5 22. 0-0-0 Bg4 23. Rdf1 0-0-0 24. fxe5 Qe6 25. Rf6 Qe8 26. Qf4 h5 27. g6 Nxe5 28. Bf5+ Bxf5 29. Qxf5+ Nd7 30. Re6 Qf8 31. Qxh3 Bf6 32. Qxh5 Nc5 33. Bb4 Bxb2+ 34. Kxb2 Qg7+ 35. Re5 Nd7 36. Bc3 Nxe5 37. Qf5+ Rd7 38. Bxe5 Qxg6 39. h4 Qb6+ 40. Ka2 Qc5 41. Nh5 Rf8 42. Nf6 Rff7 43. Bb2 Qc4+ 44. Ka1 d4 45. Re1 b6 46. Qf3 Rxf6 47. Qxf6 Kb7 48. Qf5 Rd5 49. Re7+ Ka6 50. Qd3 b5 51. Qg6+ 1-0

[Event "Creon op 28th"]
[Site "Creon"]
[Date "2024.07.31"]
[Round "4"]
[White "Kaustuv, Kundu"]
[Black "Mohammad, Nubairshah Shaikh"]
[Result "1/2-1/2"]
[WhiteElo "2403"]
[BlackElo "2434"]
[PlyCount "24"]
[EventDate "2024.07.29"]
[EventType "swiss"]
[EventRounds "9"]
[EventCountry "FRA"]
[SourceTitle "CBM 221 Extra"]
[Source "ChessBase"]
[SourceDate "2024.09.30"]
[SourceVersion "1"]
[SourceVersionDate "2024.09.30"]
[SourceQuality "1"]

1. Nf3 Nf6 2. g3 g6 3. Bg2 Bg7 4. 0-0 0-0 5. d4 d5 6. c4 c6 7. cxd5 cxd5 8. Ne5 Ng4 9. Nf3 Nf6 10. Ne5 Ng4 11. Nf3 Nf6 12. Ne5 Ng4 1/2-1/2

[Event "Creon op 28th"]
[Site "Creon"]
[Date "2024.07.30"]
[Round "3"]
[White "Mohammad, Nubairshah Shaikh"]
[Black "Bournel, Antoine"]
[Result "1-0"]
[WhiteElo "2434"]
[BlackElo "2355"]
[PlyCount "69"]
[EventDate "2024.07.29"]
[EventType "swiss"]
[EventRounds "9"]
[EventCountry "FRA"]
[SourceTitle "CBM 221 Extra"]
[Source "ChessBase"]
[SourceDate "2024.09.30"]
[SourceVersion "1"]
[SourceVersionDate "2024.09.30"]
[SourceQuality "1"]

1. d4 Nf6 2. Nf3 d5 3. g3 c6 4. c4 Bg4 5. Ne5 Bf5 6. Qb3 Qb6 7. Nc3 e6 8. c5 Qxb3 9. axb3 Nbd7 10. f4 a6 11. Bg2 Be7 12. b4 0-0 13. h3 Nxe5 14. fxe5 Nd7 15. 0-0 f6 16. Rxf5 exf5 17. Nxd5 cxd5 18. Bxd5+ Kh8 19. e6 Rad8 20. Bxb7 Nb6 21. cxb6 Rxd4 22. Be3 Rd6 23. Bc5 Rxe6 24. Bxa6 Rb8 25. Bc4 Re5 26. b7 Bf8 27. Ra8 Ree8 28. Bd5 g6 29. Bc6 Red8 30. Bb6 Rd1+ 31. Kf2 Bd6 32. Ba7 Rg8 33. Ba4 Ra1 34. Bb3 Rxa7 35. Rxg8# 1-0

[Event "Bangabandhu-chT"]
[Site "Dhaka"]
[Date "2024.02.08"]
[Round "8.2"]
[White "Alekhya, Mukhopadhyay"]
[Black "Mohammad, Nubairshah Shaikh"]
[Result "0-1"]
[WhiteElo "2177"]
[BlackElo "2415"]
[PlyCount "94"]
[EventDate "2024.02.01"]
[EventType "team-tourn"]
[EventRounds "11"]
[EventCountry "BAN"]
[SourceTitle "CBM 218 Extra"]
[Source "ChessBase"]
[SourceDate "2024.03.31"]
[SourceVersion "1"]
[SourceVersionDate "2024.03.31"]
[SourceQuality "1"]
[WhiteTeam "Uttara Central CC"]
[BlackTeam "Titas Club"]
[WhiteTeamCountry "BAN"]
[BlackTeamCountry "BAN"]

1. e4 g6 2. d4 Bg7 3. Nc3 c6 4. f4 d6 5. e5 Nh6 6. Nf3 Bg4 7. Ne4 Nf5 8. c3 Nh4 9. Be2 Nxg2+ 10. Kf2 Bxf3 11. Bxf3 Nh4 12. Bg4 d5 13. Qb3 dxe4 14. Qxb7 0-0 15. a4 e6 16. a5 h5 17. Be2 Nd7 18. Qxc6 Nf5 19. Qxe4 f6 20. Kg2 Kh7 21. Rg1 Rc8 22. Kh1 Bh6 23. Ra4 Qe7 24. Bc4 fxe5 25. fxe5 Bxc1 26. Rxc1 Nh6 27. Be2 Rf2 28. Rg1 Nf5 29. Rb4 Rc7 30. Bd3 Qf7 31. Rg2 Ne7 32. Rb3 Rf3 33. c4 Kh6 34. Qh4 Kg7 35. Qg5 Nf8 36. Rg1 Qf4 37. Qxh5 Rf2 38. Qh3 Qxd4 39. Qg3 Nf5 40. Bxf5 exf5 41. Re3 Qxb2 42. Rd3 Qb7+ 43. Rd5 Rxc4 44. Rgd1 Rf1+ 45. Rxf1 Qxd5+ 46. Rf3 Ne6 47. Kg1 Rg4 0-1

[Event "Budapest Vezerkepzo GM New Year"]
[Site "Budapest"]
[Date "2024.01.13"]
[Round "9"]
[White "Vaz, Ethan"]
[Black "Mohammad, Nubairshah Shaikh"]
[Result "1/2-1/2"]
[WhiteElo "2403"]
[BlackElo "2428"]
[PlyCount "78"]
[EventDate "2024.01.05"]
[EventType "tourn"]
[EventRounds "9"]
[EventCountry "HUN"]
[EventCategory "6"]
[SourceTitle "CBM 218 Extra"]
[Source "ChessBase"]
[SourceDate "2024.03.31"]
[SourceVersion "1"]
[SourceVersionDate "2024.03.31"]
[SourceQuality "1"]

1. e4 c6 2. d4 d5 3. e5 Bf5 4. Nf3 e6 5. Be2 Nd7 6. 0-0 a6 7. Nbd2 h6 8. Nb3 Ne7 9. a4 Bh7 10. Ne1 c5 11. Nxc5 Nxc5 12. dxc5 Nc6 13. Bd3 Bxc5 14. Bxh7 Rxh7 15. Nd3 Be7 16. Re1 h5 17. Bd2 Rc8 18. c3 Kf8 19. b4 g6 20. Kh1 Kg7 21. Qe2 Nb8 22. Rec1 h4 23. h3 Rc4 24. Be3 Rh5 25. Nb2 Re4 26. f3 Rexe5 27. Bd4 Nc6 28. Bxe5+ Rxe5 29. Qf2 Bf6 30. Nd3 Rf5 31. Ra2 Ne5 32. Ne1 Qc7 33. Qc5 Qxc5 34. bxc5 Rf4 35. Rb1 Rc4 36. Rxb7 Rxc5 37. Rc2 g5 38. Rb6 Ra5 39. Ra2 Nd7 1/2-1/2